Manejo de pasturas /
Guardado en:
| Autor Principal: | |
|---|---|
| Autor Corporativo: | |
| Formato: | Libro |
| Idioma: | Spanish |
| Publicado: |
Balcarce :
INTA,
2003.
|
| Etiquetas: |
Agregar Etiqueta
Sin Etiquetas, Sea el primero en etiquetar este registro!
|
| LEADER | 01609nam a22001815a 4500 | ||
|---|---|---|---|
| 001 | EEA.libagro008694 | ||
| 005 | 20171010101945.0 | ||
| 008 | 130809s2003####ag#a##########000#0#spa#d | ||
| 020 | |a 9875210897 | ||
| 082 | 0 | 4 | |a 633.208 |
| 100 | 1 | |a Carrillo, Jorge. | |
| 245 | 1 | 0 | |a Manejo de pasturas / |c Jorge Carrillo. |
| 260 | |a Balcarce : |b INTA, |c 2003. | ||
| 300 | |a 457 p. : |b il. ; |c 28 cm. | ||
| 505 | 0 | |a Capítulo 1. Introducción y conceptos generales -- Capítulo 2. Morfogénesis de plantas forrajeras -- Capítulo 3. Gramíneas y leguminosas forrajeras -- Capítulo 4. Identificación de gramíneas y leguminosas cultivadas -- Capítulo 5. Mezclas forrajeras -- Capítulo 6. Siembra y establecimiento de pasturas -- Capítulo 7. Pasturas cultivadas. Interrelaciones pastura-animal -- Capítulo 8. Efecto del animal sobre la pastura -- Capítulo 9. Manejo de pasturas ya establecidas -- Capítulo 10. Manejo de pasturas: manejo incial de las pasturas -- Capítulo 11. Manejo anual de una pastura y su relación con el manejo de los animales -- Capítulo 12. Evaluación de pasturas: disponibilidad forrajera -- Capítulo 13. Manejo de forrajeras momentánea o potencialmente peligrosas o de alto riesgo -- Capítulo 14. Manejo otoñal -- Capítulo 15. Resúmenes sobre manejo forrajero -- Capítulo 16. Reservas forrajeras: generalidades. | |
| 710 | 2 | |a Instituto Nacional de Tecnología Agropecuaria (Argentina). |b Centro Regional Buenos Aires Sur. |b Estación Experimental Agropecuaria Balcarce. | |
| 859 | |a AR-BbBCA |b BIB. AGRONOMIA |h 633.208 |i C317 |p 2011/5857 | ||
| 859 | |a AR-BbBCA |b BIB. AGRONOMIA |h 633.208 |i C317 |p 2012/6084 |t Ej.2 | ||
